Técnicas de histología animal / (Record no. 100189)

MARC details
000 -LEADER
campo de control de longitud fija 00749nam a2200217 i 4500
001 - NÚMERO DE CONTROL
campo de control 100189
003 - IDENTIFICADOR DE NÚMERO DE CONTROL
campo de control ES-MaACL
005 - FECHA Y HORA DE LA ÚLTIMA TRANSACCIÓN
campo de control 20230906182626.0
007 - CAMPO FIJO DE DESCRIPCIÓN FÍSICA--INFORMACIÓN GENERAL
campo de control de longitud fija t|
008 - DATOS DE LONGITUD FIJA--INFORMACIÓN GENERAL
campo de control de longitud fija 050922s1970 sp ||||1| spa d
100 1# - ENTRADA PRINCIPAL--NOMBRE DE PERSONA
Nombre de persona Martoja, R.
9 (RLIN) 78522
245 10 - MENCIÓN DEL TÍTULO
Título Técnicas de histología animal /
Mención de responsabilidad, etc. por R. Martoja y M. Martoja-Pierson; prefacio del profesor P. P. Grassé; versión, M. Estartús Moncanut y M. Durfort Coll.
250 ## - MENCION DE EDICION
Mención de edición [1 ed.].
260 ## - PUBLICACIÓN, DISTRIBUCIÓN, ETC.
Lugar de publicación, distribución, etc. Barcelona :
Nombre del editor, distribuidor, etc. Toray-Masson,
Fecha de publicación, distribución, etc. 1970.
300 ## - DESCRIPCIÓN FÍSICA
Extensión XVI, 350 p. :
Otras características físicas il. ;
Dimensiones 22.
700 1# - ENTRADA AGREGADA--NOMBRE PERSONAL
Nombre de persona Martoja-Pierson, M.
9 (RLIN) 78523
700 1# - ENTRADA AGREGADA--NOMBRE PERSONAL
Nombre de persona Grassé, Pierre Paul.
9 (RLIN) 59698
700 1# - ENTRADA AGREGADA--NOMBRE PERSONAL
Nombre de persona Estartús Moncanut, Mario.
9 (RLIN) 48022
700 1# - ENTRADA AGREGADA--NOMBRE PERSONAL
Nombre de persona Durfort Coll, M.
9 (RLIN) 46296
852 ## - LOCALIZACIÓN
Ubicación ES-MaACL
Número de control de estantería C-38147
Sublocalización o colección R.74466
Holdings
Estatus retirado Estado de pérdida Estado de daño No para préstamo Biblioteca de origen Biblioteca actual Ubicación en estantería Fecha de adquisición Fuente de adquisición Total de préstamos Signatura topográfica completa Código de barras Visto por última vez Precio de reemplazo Tipo de ítem Koha
        Biblioteca del Ateneo de Madrid Biblioteca del Ateneo de Madrid Depósito 2 17/01/2008     C-38147 1104616 23/02/2023 23/02/2023 Libro impreso